000 00843cam a2200265 a 4500
001 13962222
003 OSt
005 20230619142300.0
008 050202s2004 ke a d 000 0 swa
010 _a 2005328080
020 _a0195732227 (pbk.)
040 _aDLC
_cDLC
_dDLC
050 0 0 _aPL8703
_b.K34 2004
082 0 0 _a496.03
_222
_bMUL
245 0 0 _aKamusi ya Kiswahili sanifu
_cOxford University Press
246 3 _aKamusi sanifu
246 3 _aStandard Swahili-Swahili dictionary
250 _aToleo la 2.
260 _aNairobi :
_bOxford University Press,
_c2004.
300 _axviii, 477 p. :
_bill. ;
_c21 cm.
650 0 _aSwahili language
_vDictionaries.
906 _a7
_bcbc
_corigcop
_d2
_encip
_f20
_gy-gencatlg
942 _2ddc
_cBK
999 _c1335
_d1335